000 00428cam a2200181ua 4500
020 _c6.80
041 _aeng
_h
082 _a823.308
_bFLA/SA
100 _aFlaubert, Gustave .
245 _aSalammbo /
_cGustave Flaubert.
_hTextual Documents
250 _a1 /
_b.
260 _aLondon :
_bJ M Dent and Sons Ltd ,
_c1956.
300 _a319 ; .
365 _a6.80
504 _a
942 _cBK
999 _c7812
_d7812